[Event "I C.to Romano"]
[Site "Roma ITA"]
[Date "1996.10.??"]
[Round "3"]
[White "Bongiovanni, Marco"]
[Black "Scolozzi, Umberto"]
[Result "1-0"]
[WhiteElo "1624"]
[BlackElo "1600"]
[PlyCount "53"]
[EventDate "1996.10.01"]

1. e4 e6 2. d4 d5 3. Nd2 Nf6 4. e5 Nfd7 5. Bd3 c5 6. c3 Nc6 7. Ndf3 Qb6 8. Ne2
c4 9. Bc2 f6 10. Nf4 fxe5 11. Nxe5 Ndxe5 12. dxe5 Nxe5 13. Qh5+ Nf7 14. Ba4+
Ke7 15. O-O g6 16. Qe2 Kf6 17. Re1 Bc5 18. b4 cxb3 19. Bxb3 Rd8 20. Bb2 a5 21.
Rad1 a4 22. Bxd5 exd5 23. Nxd5+ Rxd5 24. Rxd5 Kg7 25. c4+ Kg8 26. Qe8+ Bf8 27.
Ba3 1-0

[Event "I C.to Romano"]
[Site "Roma ITA"]
[Date "1996.10.??"]
[Round "3"]
[White "Buffoni, Luca"]
[Black "De Felici, Roberto"]
[Result "1/2-1/2"]
[WhiteElo "1699"]
[BlackElo "1609"]
[PlyCount "81"]
[EventDate "1996.10.01"]

1. e4 e6 2. d4 d5 3. Nc3 Bb4 4. a3 Bxc3+ 5. bxc3 dxe4 6. Qg4 Nf6 7. Qxg7 Rg8 8.
Qh6 b6 9. Bg5 Ng4 10. Bxd8 Nxh6 11. Bxc7 Bb7 12. Bg3 Nf5 13. O-O-O Nc6 14. Be2
O-O-O 15. Nh3 Nce7 16. Bh5 Nxg3 17. fxg3 Rg7 18. Rhf1 Nf5 19. Rde1 Rd7 20. Nf4
Rc7 21. Kb2 Nd6 22. Be2 Rg5 23. a4 Kd7 24. Kb3 Ke7 25. g4 Rg8 26. Bd1 Rgc8 27.
d5 Rxc3+ 28. Kb2 exd5 29. Rf3 Rxf3 30. gxf3 Nc4+ 31. Kc1 e3 32. Nd3 d4 33. h4
Kd6 34. g5 Ne5 35. Nxe5 Kxe5 36. Be2 h6 37. f4+ Kxf4 38. Rf1+ Ke5 39. Rxf7 Be4
40. Re7+ Kd5 41. Rd7+ 1/2-1/2

[Event "I C.to Romano"]
[Site "Roma ITA"]
[Date "1996.10.??"]
[Round "3"]
[White "Campomori, Bruno"]
[Black "Bruno, Fabio"]
[Result "1-0"]
[WhiteElo "1826"]
[BlackElo "2260"]
[PlyCount "61"]
[EventDate "1996.10.01"]

1. e4 c5 2. Nf3 e6 3. d4 cxd4 4. Nxd4 a6 5. c4 Qc7 6. Nc3 Nf6 7. a3 Nc6 8. Be3
Ne5 9. Rc1 Neg4 10. Bg5 Qc5 11. Bh4 Be7 12. Be2 Ne5 13. b4 Qc7 14. Bg3 d6 15.
O-O Bd7 16. Nf3 Ng6 17. c5 e5 18. cxd6 Qxd6 19. Qb3 O-O 20. Rfd1 Qb8 21. Bc4 b5
22. Bd5 Ra7 23. Rd2 Nxd5 24. Nxd5 Bd6 25. Rcd1 Be6 26. Qe3 Rd8 27. Nxe5 Bxd5
28. Rxd5 Ne7 29. R5d3 f6 30. Rxd6 Rxd6 31. Qb3+ 1-0

[Event "I C.to Romano"]
[Site "Roma ITA"]
[Date "1996.10.??"]
[Round "3"]
[White "Chiusano, Raimondo"]
[Black "Mariotti, Sergio"]
[Result "1/2-1/2"]
[WhiteElo "2049"]
[BlackElo "2435"]
[PlyCount "70"]
[EventDate "1996.10.01"]

1. e4 c5 2. Nf3 e6 3. d4 cxd4 4. Nxd4 a6 5. Bd3 Nc6 6. Nxc6 dxc6 7. Be3 e5 8.
Nd2 Be6 9. Qe2 Nf6 10. f3 b5 11. a4 Nd7 12. Qf2 Be7 13. O-O O-O 14. Rfd1 Qb8
15. Nb3 Bxb3 16. cxb3 Qb7 17. Rac1 Rfd8 18. Bf1 Nf8 19. g3 Ne6 20. Bh3 Ng5 21.
Bg2 Ne6 22. Bh3 Nd4 23. Bxd4 exd4 24. Rxd4 Rxd4 25. Qxd4 Rd8 26. Qc3 Qb6+ 27.
Kf1 c5 28. axb5 axb5 29. Qe3 Rd4 30. Ke2 Qd8 31. Rc2 g6 32. Rd2 Bf6 33. f4
Rxd2+ 34. Qxd2 Bd4 35. Bg2 f6 1/2-1/2

[Event "I C.to Romano"]
[Site "Roma ITA"]
[Date "1996.10.??"]
[Round "3"]
[White "D'Intino, Vitale"]
[Black "Buonanno, Massimo"]
[Result "0-1"]
[WhiteElo "1543"]
[BlackElo "1686"]
[PlyCount "50"]
[EventDate "1996.10.01"]

1. e4 e5 2. Nf3 Nc6 3. Bc4 Nf6 4. d3 Be7 5. c3 d6 6. Ng5 O-O 7. Qb3 d5 8. exd5
Na5 9. Qd1 Nxc4 10. dxc4 Nxd5 11. cxd5 Bxg5 12. Be3 Bxe3 13. fxe3 Qh4+ 14. g3
Qe4 15. Kf2 Bg4 16. Nd2 Qf5+ 17. Nf3 e4 18. Rf1 Bxf3 19. Qd4 Qh3 20. Qd2 Qxh2+
21. Ke1 Qxd2+ 22. Kxd2 Rad8 23. c4 c6 24. Rxf3 exf3 25. e4 Rfe8 0-1

[Event "I C.to Romano"]
[Site "Roma ITA"]
[Date "1996.10.??"]
[Round "3"]
[White "Farina, Saverio"]
[Black "Papetti, Francesco"]
[Result "1-0"]
[WhiteElo "2210"]
[BlackElo "1816"]
[PlyCount "79"]
[EventDate "1996.10.01"]

1. d4 d5 2. c4 e6 3. Nc3 Nf6 4. Bg5 Nbd7 5. Nf3 c6 6. e4 dxe4 7. Nxe4 Qa5+ 8.
Bd2 Bb4 9. Nd6+ Ke7 10. c5 h6 11. Bd3 b6 12. Nc4 Bxd2+ 13. Nfxd2 Qb4 14. Ne5
Qxb2 15. Nxc6+ Kf8 16. O-O Bb7 17. Nc4 Qxa1 18. Qxa1 Bxc6 19. cxb6 Nxb6 20. Ne5
Bd5 21. Rc1 Nfd7 22. Rc7 Nxe5 23. dxe5 g5 24. a4 Kg7 25. a5 Rhc8 26. Rxc8 Nxc8
27. h4 gxh4 28. Qd4 Ne7 29. Qxh4 Ng6 30. Qf6+ Kg8 31. Bxg6 fxg6 32. Qxg6+ Kf8
33. Qxh6+ Ke8 34. a6 Kd7 35. f4 Be4 36. Qg7+ Ke8 37. Qg8+ Kd7 38. Qg7+ Ke8 39.
f5 exf5 40. e6 1-0

[Event "I C.to Romano"]
[Site "Roma ITA"]
[Date "1996.10.??"]
[Round "3"]
[White "Gatta, Flavio"]
[Black "Barro, Carlo"]
[Result "0-1"]
[WhiteElo "1528"]
[BlackElo "1762"]
[PlyCount "127"]
[EventDate "1996.10.01"]

1. e4 d6 2. d4 Nf6 3. Nc3 g6 4. Nf3 Bg7 5. Be2 O-O 6. O-O c6 7. h3 b5 8. e5
Nfd7 9. exd6 exd6 10. Ne4 Nb6 11. Be3 Nd5 12. Bd2 a5 13. c4 bxc4 14. Bxc4 Nb4
15. Bb3 Bf5 16. Ng3 Bc8 17. a3 Nd5 18. Bxd5 cxd5 19. Rc1 Qb6 20. Qc2 Ba6 21.
Rfe1 Bc4 22. Bc3 Nc6 23. Qd2 Qd8 24. Nf1 a4 25. Qf4 Qf6 26. Qxf6 Bxf6 27. Ne3
Rfe8 28. Nxc4 Rxe1+ 29. Rxe1 dxc4 30. d5 Bxc3 31. bxc3 Na5 32. Re7 h6 33. Rd7
Ra6 34. Nd4 Rb6 35. Rd8+ Kg7 36. Rc8 Rb1+ 37. Kh2 Rb3 38. Ra8 Nb7 39. Rxa4 Rxc3
40. Rb4 Rd3 41. Rxc4 Rxa3 42. Nb5 Ra5 43. Nc7 Rc5 44. Rxc5 dxc5 45. Nb5 Kf6 46.
Nc3 Ke5 47. Kg3 Kd4 48. Nb5+ Kxd5 49. Kf3 Nd6 50. Nc3+ Kd4 51. Ne2+ Kd5 52. g4
c4 53. Kf4 g5+ 54. Kg3 Ne4+ 55. Kf3 c3 56. Nxc3+ Nxc3 57. Kg3 Ne2+ 58. Kf3 Nf4
59. Kg3 Ke4 60. f3+ Ke3 61. h4 f6 62. hxg5 hxg5 63. Kh2 Kxf3 64. Kg1 0-1

[Event "I C.to Romano"]
[Site "Roma ITA"]
[Date "1996.10.??"]
[Round "3"]
[White "Lepri, Livio"]
[Black "Pezzaldi, Roberto"]
[Result "1-0"]
[WhiteElo "1999"]
[BlackElo "2001"]
[PlyCount "109"]
[EventDate "1996.10.01"]

1. c4 e6 2. Nc3 f5 3. d4 Nf6 4. Nf3 Bb4 5. Bd2 Be7 6. Qc2 d5 7. Bg5 O-O 8. e3
c6 9. Bd3 Nbd7 10. cxd5 cxd5 11. Nb5 Ne8 12. Bf4 Ndf6 13. Nc7 Nxc7 14. Bxc7
Bb4+ 15. Ke2 Qe7 16. a3 Bd6 17. Bxd6 Qxd6 18. Rac1 Bd7 19. Qc7 Qe7 20. Ne5 Rfc8
21. Qa5 b6 22. Qa6 Qe8 23. f3 g5 24. Kd2 Qd8 25. Qb7 Rab8 26. Qxa7 Ra8 27. Qb7
Rab8 28. Rxc8 Rxc8 29. Rc1 Rxc1 30. Kxc1 Be8 31. Ba6 Qd6 32. Qc8 Kg7 33. Bb7 f4
34. exf4 gxf4 35. Bc6 Bxc6 36. Qxc6 Qxc6+ 37. Nxc6 Nd7 38. Kd2 Kf7 39. a4 Ke8
40. Kc3 Nf8 41. Ne5 Kd8 42. Kb4 Kc7 43. Kb5 Kb7 44. b4 h5 45. h4 Kc7 46. Ka6
Nd7 47. Ng6 Nb8+ 48. Kb5 Nc6 49. Nxf4 Nxd4+ 50. Ka6 e5 51. Nxd5+ Kc6 52. Nxb6
Nc2 53. b5+ Kc5 54. Nd7+ Kd6 55. Nf6 1-0

[Event "I C.to Romano"]
[Site "Roma ITA"]
[Date "1996.10.??"]
[Round "3"]
[White "Marta, Daniele"]
[Black "Tamburini, Massimiliano"]
[Result "1-0"]
[WhiteElo "1807"]
[BlackElo "1600"]
[PlyCount "125"]
[EventDate "1996.10.01"]

1. c4 c5 2. Nf3 d6 3. d4 Bg4 4. d5 g6 5. e4 Bg7 6. Nc3 e5 7. Be2 Nf6 8. O-O
Nbd7 9. Ne1 Bxe2 10. Qxe2 a6 11. Be3 O-O 12. f3 Re8 13. Nd3 Nb6 14. b3 Nbd7 15.
a3 b6 16. b4 Qc7 17. Rab1 Reb8 18. Qa2 Rc8 19. bxc5 Nxc5 20. Nxc5 bxc5 21. Rb3
Rab8 22. Rfb1 Nd7 23. R1b2 Rxb3 24. Rxb3 Rb8 25. Qb2 Rxb3 26. Qxb3 Qb6 27. Qc2
Qa5 28. Qb2 Nb6 29. Qb3 f5 30. Bd2 Nd7 31. Qb2 Qb6 32. Na4 Qxb2 33. Nxb2 fxe4
34. Kf2 exf3 35. gxf3 e4 36. Na4 exf3 37. Bf4 Be5 38. Kxf3 Bxf4 39. Kxf4 Ne5
40. Nxc5 g5+ 41. Kf5 Nxc4 42. Nxa6 Ne3+ 43. Kxg5 Nxd5 44. Nb4 Nc3 45. Kf6 d5
46. Ke5 Kg7 47. Nxd5 Na4 48. Kd4 Kg6 49. Kc4 Nb2+ 50. Kb3 Nd3 51. Kc3 Nc5 52.
Kb4 Nb7 53. Kb5 h5 54. a4 Kf5 55. Kb6 Nd6 56. Kc6 Nc4 57. Nb6 Na5+ 58. Kb5 Nb7
59. Nc4 Kg4 60. Kb6 Nd8 61. a5 h4 62. a6 Kh3 63. a7 1-0

[Event "I C.to Romano"]
[Site "Roma ITA"]
[Date "1996.10.??"]
[Round "3"]
[White "Marzano, Carlo"]
[Black "Fantazzini, Massimiliano"]
[Result "1-0"]
[WhiteElo "2165"]
[BlackElo "1753"]
[PlyCount "61"]
[EventDate "1996.10.01"]

1. d4 d5 2. Nf3 Nf6 3. Bg5 a6 4. e3 Be6 5. Nbd2 h6 6. Bh4 Bg4 7. c4 e6 8. Qb3
dxc4 9. Qxb7 Nbd7 10. Bxc4 Rb8 11. Qxa6 Bxf3 12. Nxf3 Bb4+ 13. Ke2 O-O 14. Rhd1
Rb6 15. Qa4 Qb8 16. a3 Bd6 17. b4 g5 18. Bg3 Ne4 19. Rdc1 Rd8 20. Qc2 Ndf6 21.
Bxd6 Rdxd6 22. Bd3 Rdc6 23. Qb2 Rxc1 24. Rxc1 Nd6 25. Ne5 Qb7 26. f3 Nf5 27.
Qc2 Nd5 28. Bxf5 exf5 29. Qxf5 Rf6 30. Qd3 Qa7 31. Rc6 1-0

[Event "I C.to Romano"]
[Site "Roma ITA"]
[Date "1996.10.??"]
[Round "3"]
[White "Mazziotto, Nicola"]
[Black "Togni, Giampiero"]
[Result "1-0"]
[WhiteElo "1522"]
[BlackElo "1701"]
[PlyCount "45"]
[EventDate "1996.10.01"]

1. e4 e6 2. d4 d5 3. exd5 exd5 4. Bd3 Bd6 5. c3 Qe7+ 6. Qe2 Bg4 7. Qxe7+ Nxe7
8. Ne2 O-O 9. O-O Re8 10. f3 Bf5 11. Bxf5 Nxf5 12. Re1 Nd7 13. Na3 Ne3 14. Bxe3
Rxe3 15. Nb5 Bxh2+ 16. Kxh2 c6 17. Nd6 g6 18. Ng3 Rd3 19. Re7 Nf8 20. Nxf7 Kg7
21. Ne5+ Kf6 22. Rf7+ Ke6 23. Rxf8 1-0

[Event "I C.to Romano"]
[Site "Roma ITA"]
[Date "1996.10.??"]
[Round "3"]
[White "Michelena, Rodolfo"]
[Black "Verrascina, Nicola"]
[Result "0-1"]
[WhiteElo "1822"]
[BlackElo "2080"]
[PlyCount "94"]
[EventDate "1996.10.01"]

1. e4 Nc6 2. Nf3 Nf6 3. e5 Nd5 4. d4 d6 5. c4 Nb6 6. e6 fxe6 7. Ng5 e5 8. Qf3
Nxd4 9. Qf7+ Kd7 10. Bd3 Qe8 11. Bf5+ Kd8 12. Bxc8 Rxc8 13. Be3 Qxf7 14. Nxf7+
Ke8 15. Nxh8 Nc2+ 16. Ke2 Nxc4 17. Kd3 Nxa1 18. Kxc4 Nc2 19. Nc3 g6 20. Kb3
Nxe3 21. fxe3 Bg7 22. Nxg6 hxg6 23. Rf1 e6 24. Rf3 d5 25. Na4 c5 26. Nc3 e4 27.
Rh3 Bxc3 28. bxc3 Rc7 29. Rh8+ Ke7 30. g4 Kf6 31. h4 Rf7 32. h5 Kg7 33. Re8
gxh5 34. gxh5 Kf6 35. Rh8 Ke5 36. h6 d4 37. cxd4+ cxd4 38. exd4+ Kxd4 39. h7
Ke3 40. Re8 Rxh7 41. Rxe6 Rc7 42. Re8 Kf3 43. Rf8+ Ke2 44. Rh8 e3 45. Rh2+ Kd1
46. Rh8 Rd7 47. Rh1+ Kd2 0-1

[Event "I C.to Romano"]
[Site "Roma ITA"]
[Date "1996.10.??"]
[Round "3"]
[White "Ottavi, Marco"]
[Black "Bernardi, Giancarlo"]
[Result "1-0"]
[WhiteElo "1945"]
[BlackElo "1537"]
[PlyCount "87"]
[EventDate "1996.10.01"]

1. e4 e6 2. d4 d5 3. Nd2 Nf6 4. e5 Nfd7 5. Bd3 c5 6. c3 Nc6 7. Ne2 cxd4 8. cxd4
f6 9. exf6 Nxf6 10. O-O Bd6 11. Nf3 O-O 12. Bg5 Qb6 13. Nc3 a6 14. Bh4 Bd7 15.
Re1 Qc7 16. Bg3 Bxg3 17. hxg3 Rae8 18. Rc1 Qb8 19. Ne5 Nxd4 20. Bxh7+ Kxh7 21.
Qxd4 Rh8 22. Qd3+ Kg8 23. Nxd7 Nxd7 24. Nxd5 Ne5 25. Qe2 exd5 26. Qe3 Re6 27.
f4 Reh6 28. fxe5 Rh1+ 29. Kf2 Qf8+ 30. Qf4 R1h5 31. Qxf8+ Kxf8 32. g4 Rh2 33.
Red1 Ke7 34. Rxd5 R2h6 35. Kf3 Rf8+ 36. Kg3 Re6 37. Rcd1 Rc8 38. R1d2 Rc7 39.
b3 g5 40. Kf3 Rc3+ 41. Ke4 Rcc6 42. Kf5 Rg6 43. Rd7+ Ke8 44. Rd8+ 1-0

[Event "I C.to Romano"]
[Site "Roma ITA"]
[Date "1996.10.??"]
[Round "3"]
[White "Passerotti, Pierluigi"]
[Black "Franchi, Jose' Maria"]
[Result "0-1"]
[WhiteElo "2290"]
[BlackElo "1846"]
[PlyCount "84"]
[EventDate "1996.10.01"]

1. d4 Nf6 2. Nf3 e6 3. e3 c5 4. Bd3 d5 5. b3 Nc6 6. O-O Be7 7. a3 b6 8. Bb2 Bb7
9. Nbd2 O-O 10. Qe2 Rc8 11. Rfd1 Qc7 12. Rac1 cxd4 13. exd4 Nh5 14. g3 g6 15.
Nf1 Bd6 16. Ne3 Qe7 17. Ra1 f5 18. Ng2 Nf6 19. Ne5 Na5 20. f3 Rfe8 21. Bb5 Rf8
22. Bc1 Nc6 23. Bh6 Rfd8 24. Bg5 Kg7 25. Nf4 Re8 26. Rd2 Bxe5 27. dxe5 Qc5+ 28.
Kg2 Nd7 29. Rad1 Ncb8 30. Bf6+ Kf7 31. Nh3 h6 32. c4 g5 33. b4 Qc7 34. Nxg5+
hxg5 35. Qe3 Nxf6 36. exf6 Rg8 37. cxd5 Bxd5 38. Rxd5 exd5 39. Rxd5 Rcd8 40.
Bc4 Kg6 41. f7 Qxf7 42. Rxd8 Qxc4 0-1

[Event "I C.to Romano"]
[Site "Roma ITA"]
[Date "1996.10.??"]
[Round "3"]
[White "Piancatelli, Marco"]
[Black "Quimi, Marco"]
[Result "0-1"]
[WhiteElo "1867"]
[BlackElo "2220"]
[PlyCount "148"]
[EventDate "1996.10.01"]

1. e4 c5 2. Nf3 d6 3. d4 cxd4 4. Qxd4 a6 5. c4 Nf6 6. Nc3 g6 7. Bg5 Bg7 8. Qd2
O-O 9. h3 Nc6 10. Be2 Bd7 11. Rd1 Qa5 12. O-O Rfe8 13. Bxf6 Bxf6 14. Nd5 Qxa2
15. Nc7 Rab8 16. Nxe8 Bxe8 17. Rb1 a5 18. b3 Qa3 19. h4 Bd7 20. e5 Nxe5 21.
Nxe5 Bxe5 22. Bd3 Bf6 23. h5 Qc5 24. hxg6 hxg6 25. Be4 Kg7 26. Qd5 b6 27. Rfd1
Be6 28. Qxc5 bxc5 29. Rd2 Bc3 30. Ra2 Bd7 31. Kf1 Kf6 32. Rc2 Bd4 33. Ra2 Bc3
34. Rc2 Bb4 35. f4 g5 36. fxg5+ Kxg5 37. Ke2 f5 38. Bf3 Rh8 39. Rcc1 e5 40. Kf2
e4 41. Be2 f4 42. Rd1 e3+ 43. Kg1 Bd2 44. Rb2 Bg4 45. Rdxd2 exd2 46. Bxg4 Kxg4
47. Rxd2 Rb8 48. Rxd6 Rxb3 49. Rg6+ Kf5 50. Rc6 a4 51. Rxc5+ Ke4 52. Ra5 a3 53.
Kh2 Kd4 54. c5 Kc3 55. c6 Kb2 56. Rc5 Rb8 57. c7 Rh8+ 58. Kg1 a2 59. Rb5+ Ka3
60. Ra5+ Kb2 61. Rb5+ Kc3 62. Ra5 Kb2 63. Rb5+ Ka3 64. Ra5+ Kb3 65. Kf2 Rc8 66.
Ra6 Rxc7 67. Rb6+ Kc2 68. Ra6 Kb1 69. Rb6+ Kc1 70. Ra6 Rc2+ 71. Kf3 Kb1 72.
Kxf4 Rxg2 73. Rb6+ Rb2 74. Rxb2+ Kxb2 0-1

[Event "I C.to Romano"]
[Site "Roma ITA"]
[Date "1996.10.??"]
[Round "3"]
[White "Scacco, Mauro"]
[Black "Wyss, Walter"]
[Result "1-0"]
[WhiteElo "2045"]
[BlackElo "2200"]
[PlyCount "47"]
[EventDate "1996.10.01"]

1. e4 c5 2. Nf3 e6 3. d4 cxd4 4. Nxd4 a6 5. Bd3 Qc7 6. O-O Nf6 7. c4 Bd6 8. h3
h5 9. Re1 Bh2+ 10. Kf1 Nc6 11. Nxc6 dxc6 12. Qe2 e5 13. Nc3 Be6 14. Bg5 O-O-O
15. Bxf6 gxf6 16. Nd5 Qd6 17. c5 Qxc5 18. Bxa6 Bxh3 19. Rec1 Qd4 20. Rxc6+ Kb8
21. Rc4 Rhg8 22. Rxd4 Rxg2 23. Qb5 Rg1+ 24. Ke2 1-0

[Event "I C.to Romano"]
[Site "Roma ITA"]
[Date "1996.10.??"]
[Round "3"]
[White "Scagliarini, Valentina"]
[Black "De Rosa, Gaetano"]
[Result "1-0"]
[WhiteElo "1771"]
[BlackElo "1600"]
[PlyCount "58"]
[EventDate "1996.10.01"]

1. e4 d6 2. d4 g6 3. Nf3 Bg7 4. Be3 Nf6 5. Nbd2 c6 6. Bd3 O-O 7. O-O Ng4 8. Bf4
e5 9. dxe5 dxe5 10. Bg3 Qe7 11. h3 Nh6 12. Nc4 f6 13. Qe2 b5 14. Ne3 Be6 15. a4
b4 16. Bc4 Kh8 17. Rad1 Nd7 18. Bxe6 Qxe6 19. Nc4 Nf7 20. b3 f5 21. exf5 gxf5
22. Nfxe5 Ndxe5 23. f4 Qg6 24. fxe5 Qxg3 25. Rd3 Qg6 26. e6 Rae8 27. e7 Rg8 28.
Kh1 Qf6 29. Rd8 29... Qg5 {...} 1-0

[Event "I C.to Romano"]
[Site "Roma ITA"]
[Date "1996.10.??"]
[Round "3"]
[White "Simeoni, Matteo"]
[Black "Onisi, Stefano"]
[Result "1/2-1/2"]
[WhiteElo "1797"]
[BlackElo "1600"]
[PlyCount "83"]
[EventDate "1996.10.01"]

1. e4 c5 2. Nf3 d6 3. Bb5+ Nd7 4. d4 a6 5. Bxd7+ Bxd7 6. h3 cxd4 7. Qxd4 Bc6 8.
Nc3 Nf6 9. Bg5 h6 10. Bh4 e6 11. O-O Be7 12. Rad1 Qc7 13. Bg3 e5 14. Qe3 b5 15.
Ne1 O-O 16. f4 Nd7 17. Kh1 Rad8 18. Rd2 Nb6 19. b3 Bb7 20. Nd5 Nxd5 21. exd5
Bf6 22. Nf3 Rfe8 23. Rfd1 exf4 24. Qxf4 Qc3 25. Bf2 Be5 26. Nxe5 Qxe5 27. Qb4
Qh5 28. Bg3 Qg6 29. Kh2 Re4 30. Qa5 Rd7 31. Qb6 h5 32. Re1 Rxe1 33. Bxe1 Qe4
34. Bg3 Bxd5 35. Qxa6 h4 36. Bxd6 Bb7 37. Qb6 Qg6 38. Qc5 Bxg2 39. Rxg2 Qxd6+
40. Qxd6 Rxd6 41. Rg4 Rd2+ 42. Rg2 1/2-1/2

[Event "I C.to Romano"]
[Site "Roma ITA"]
[Date "1996.10.??"]
[Round "3"]
[White "Tosoni, Augusto"]
[Black "Malloni, Marcello"]
[Result "0-1"]
[WhiteElo "2056"]
[BlackElo "2230"]
[PlyCount "98"]
[EventDate "1996.10.01"]

1. e4 e6 2. d4 d5 3. Nc3 Nf6 4. Bg5 Bb4 5. e5 h6 6. Bd2 Bxc3 7. bxc3 Ne4 8. Qg4
g6 9. Bd3 Nxd2 10. Kxd2 c5 11. Nf3 Bd7 12. Rhb1 Qc7 13. Qh4 Bc6 14. dxc5 Nd7
15. Qd4 Qa5 16. Qb4 Qxc5 17. Qxc5 Nxc5 18. Nd4 Kd7 19. Rb4 Rac8 20. Rab1 Ke7
21. f3 Rc7 22. Bb5 Rhc8 23. Bxc6 bxc6 24. Rb8 Rxb8 25. Rxb8 Nd7 26. Rh8 Nxe5
27. Rxh6 c5 28. Nb3 Rc6 29. Rh8 Nd7 30. h4 Ra6 31. g4 Rxa2 32. h5 gxh5 33. gxh5
Ra4 34. Ra8 Kf6 35. Rd8 Ne5 36. Nxc5 Rh4 37. Nd7+ Ke7 38. Nxe5 Kxd8 39. Nc6+
Kd7 40. Nxa7 Rxh5 41. Nb5 Rh4 42. Nd4 Kd6 43. Ke3 Rh2 44. Kd3 Rh3 45. Ke3 e5
46. Nb3 f5 47. Ke2 f4 48. Nc1 Rh2+ 49. Kd3 Rf2 0-1

[Event "I C.to Romano"]
[Site "Roma ITA"]
[Date "1996.10.??"]
[Round "3"]
[White "Vannelli, Vittorio"]
[Black "Celletti, Luca"]
[Result "1-0"]
[WhiteElo "1567"]
[BlackElo "1600"]
[PlyCount "79"]
[EventDate "1996.10.01"]

1. e4 e5 2. Nf3 Nc6 3. Bc4 Bc5 4. c3 Qe7 5. O-O Nf6 6. d3 d6 7. b4 Bb6 8. a4 a6
9. Be3 Ba7 10. Nbd2 O-O 11. h3 Be6 12. Bxa7 Rxa7 13. b5 Bxc4 14. Nxc4 axb5 15.
axb5 Rxa1 16. Qxa1 Nd8 17. Qa3 Ne6 18. Nfxe5 Nc5 19. Nf3 Nxd3 20. e5 Qe6 21.
Nxd6 Nxe5 22. Nxe5 Qxe5 23. Nxb7 Qxb5 24. Na5 Ra8 25. Ra1 h6 26. c4 Qb6 27. Qc3
Ne4 28. Qe3 Qb2 29. Re1 Nf6 30. Nc6 Qb6 31. Ne7+ Kf8 32. c5 Qe6 33. Ng6+ Kg8
34. Qxe6 fxe6 35. Nf4 Re8 36. Rxe6 Rxe6 37. Nxe6 Nd5 38. Kf1 Kf7 39. Nd4 Kf6
40. g3 {...} 1-0

[Event "I C.to Romano"]
[Site "Roma ITA"]
[Date "1996.10.??"]
[Round "3"]
[White "Vanzan, Alessandro"]
[Black "Fanciulli, Gianluca"]
[Result "0-1"]
[WhiteElo "1507"]
[BlackElo "1564"]
[PlyCount "86"]
[EventDate "1996.10.01"]

1. c4 Nf6 2. Nc3 e5 3. g3 d5 4. cxd5 Nxd5 5. Bg2 Nxc3 6. bxc3 c6 7. Nh3 Bf5 8.
e4 Be6 9. O-O Be7 10. d4 exd4 11. cxd4 O-O 12. d5 cxd5 13. exd5 Bxh3 14. Bxh3
Re8 15. Bg2 Bd6 16. f4 Nd7 17. Rb1 b6 18. Bb2 Rc8 19. Bh3 Rc4 20. Rc1 Bc5+ 21.
Kh1 Rce4 22. Bf5 Re2 23. Rc2 Rxc2 24. Qxc2 Nf6 25. Rd1 h6 26. d6 Qa8+ 27. Be4
Qxe4+ 28. Qxe4 Nxe4 29. d7 Rd8 30. Kg2 Nf6 31. Bxf6 gxf6 32. Kf3 Kf8 33. Kg4
Ke7 34. Kf5 Rxd7 35. Re1+ Kf8 36. Kxf6 Be7+ 37. Kf5 Rd5+ 38. Kg4 Rd2 39. h4 Bd6
40. Re4 b5 41. Kh5 Rd5+ 42. Kxh6 Kg8 43. g4 Bf8# 0-1

[Event "I C.to Romano"]
[Site "Roma ITA"]
[Date "1996.10.??"]
[Round "3"]
[White "Verrascina, Roberto"]
[Black "Pienabarca, Nicola"]
[Result "1-0"]
[WhiteElo "2225"]
[BlackElo "1950"]
[PlyCount "51"]
[EventDate "1996.10.01"]

1. Nf3 Nf6 2. g3 e6 3. Bg2 d5 4. O-O Be7 5. d3 O-O 6. Nbd2 c6 7. e4 dxe4 8.
dxe4 Qc7 9. e5 Nd5 10. a3 b5 11. c3 a5 12. a4 Nd7 13. Re1 bxa4 14. Rxa4 Nc5 15.
Rd4 Ba6 16. Ne4 Rab8 17. Nxc5 Bxc5 18. Rh4 Be7 19. Ng5 g6 20. Rh6 Rxb2 21. Bxd5
cxd5 22. Nxh7 Rb1 23. Qd2 Rc8 24. Nf6+ Bxf6 25. exf6 Qxc3 26. Rh8+ 1-0

[Event "I C.to Romano"]
[Site "Roma ITA"]
[Date "1996.10.??"]
[Round "4"]
[White "Barro, Carlo"]
[Black "Campomori, Bruno"]
[Result "1-0"]
[WhiteElo "1762"]
[BlackElo "1826"]
[PlyCount "87"]
[EventDate "1996.10.01"]

1. d4 d5 2. c4 e6 3. Nf3 Nf6 4. e3 Be7 5. Bd3 O-O 6. O-O b6 7. cxd5 exd5 8. Nc3
Bb7 9. Qe2 Ne4 10. Nd2 f5 11. f3 Nd6 12. b4 Bf6 13. Nb3 a6 14. a4 Qe8 15. Qc2
Qh5 16. Ne2 Nc6 17. Bd2 Bg5 18. b5 axb5 19. axb5 Rxa1 20. Rxa1 Nb4 21. Bxb4
Bxe3+ 22. Kh1 Rf6 23. Bxd6 cxd6 24. Ng1 Bxg1 25. Kxg1 Qe8 26. Bxf5 g6 27. Bd3
Qe3+ 28. Kf1 Qf4 29. Ra7 Qxh2 30. Rxb7 Qh1+ 31. Kf2 Qh4+ 32. Ke2 Re6+ 33. Be4
Qd8 34. Qc7 Qxc7 35. Rxc7 dxe4 36. Rc6 exf3+ 37. Kxf3 Kf7 38. Rxb6 Rf6+ 39. Kg3
Ke6 40. Rb7 Kd5 41. Rc7 Rf8 42. b6 Rb8 43. b7 h6 44. Na5 1-0

[Event "I C.to Romano"]
[Site "Roma ITA"]
[Date "1996.10.??"]
[Round "4"]
[White "Bernardi, Giancarlo"]
[Black "Bruno, Fabio"]
[Result "1-0"]
[WhiteElo "1537"]
[BlackElo "2260"]
[PlyCount "71"]
[EventDate "1996.10.01"]

1. d4 c5 2. d5 f5 3. c4 Nf6 4. Nf3 g6 5. Nc3 Bg7 6. h3 d6 7. e3 O-O 8. Bd3 Na6
9. a3 Nc7 10. O-O a6 11. a4 Qe8 12. e4 fxe4 13. Nxe4 Bf5 14. Qc2 Nd7 15. Re1
Bxh3 16. Nxd6 exd6 17. Rxe8 Raxe8 18. Bd2 Bg4 19. Bxg6 hxg6 20. Qxg6 Bxf3 21.
Qxd6 Bxb2 22. Rb1 Be5 23. Qxd7 Rf7 24. Qh3 Rg7 25. Qxf3 Rf8 26. Qh5 Bd4 27. Be3
Ne8 28. d6 Nf6 29. Qh3 Ng4 30. Bxd4 cxd4 31. Rxb7 Rxb7 32. Qxg4+ Rg7 33. Qxd4
Rb8 34. g3 a5 35. c5 Rb4 36. Qd5+ 1-0

[Event "I C.to Romano"]
[Site "Roma ITA"]
[Date "1996.10.??"]
[Round "4"]
[White "Bongiovanni, Marco"]
[Black "Tosoni, Augusto"]
[Result "0-1"]
[WhiteElo "1624"]
[BlackElo "2056"]
[PlyCount "78"]
[EventDate "1996.10.01"]

1. e4 c5 2. Nc3 e6 3. Nf3 a6 4. d4 cxd4 5. Nxd4 Qc7 6. Be3 Nf6 7. Be2 Bb4 8.
Qd3 Nxe4 9. Bd2 Nxd2 10. Qxd2 Nc6 11. O-O b6 12. Nxc6 dxc6 13. a3 Be7 14. Rad1
O-O 15. Bd3 e5 16. f4 exf4 17. Qxf4 Qxf4 18. Rxf4 Be6 19. Be4 Rac8 20. Ne2 Rfd8
21. Rff1 Bc4 22. Bd3 Bxd3 23. cxd3 Rd7 24. Nc3 Rcd8 25. Rf3 c5 26. b3 b5 27.
Ne4 c4 28. bxc4 bxc4 29. a4 cxd3 30. Nf2 Bc5 31. Kf1 d2 32. Rb3 Rd4 33. Rb2 f5
34. Nh3 a5 35. Ng5 Rf4+ 36. Nf3 g5 37. Rb5 Bb4 38. Ke2 Re4+ 39. Kf2 g4 0-1

[Event "I C.to Romano"]
[Site "Roma ITA"]
[Date "1996.10.??"]
[Round "4"]
[White "Buonanno, Massimo"]
[Black "Passerotti, Pierluigi"]
[Result "0-1"]
[WhiteElo "1686"]
[BlackElo "2290"]
[PlyCount "76"]
[EventDate "1996.10.01"]

1. e4 c5 2. c3 Nf6 3. e5 Nd5 4. d4 cxd4 5. Bc4 Qc7 6. Qe2 Nb6 7. Bd3 Nc6 8. Nf3
Nb4 9. O-O Nxd3 10. Qxd3 d5 11. Bf4 Qc4 12. Qxd4 Bf5 13. Nbd2 Qxd4 14. Nxd4 Bd3
15. Rfe1 e6 16. Re3 Ba6 17. Rg3 h6 18. b4 g5 19. Be3 Bc4 20. Nxc4 Nxc4 21. Nb5
Kd7 22. Bxa7 b6 23. a4 Kc6 24. f4 gxf4 25. Rg4 Nxe5 26. Rxf4 Rh7 27. c4 Nxc4
28. Raf1 f5 29. g4 Bxb4 30. gxf5 Bc5+ 31. Kh1 e5 32. R4f3 d4 33. f6 Rf7 34. Rc1
Raf8 35. a5 Kxb5 36. Rb1+ Kc6 37. axb6 Rxf6 38. Rxf6+ Rxf6 0-1

[Event "I C.to Romano"]
[Site "Roma ITA"]
[Date "1996.10.??"]
[Round "4"]
[White "De Rosa, Gaetano"]
[Black "Tamburini, Massimiliano"]
[Result "1-0"]
[WhiteElo "1600"]
[BlackElo "1600"]
[PlyCount "57"]
[EventDate "1996.10.01"]

1. e4 d5 2. e5 e6 3. d4 Nc6 4. Nf3 Be7 5. c3 b6 6. Bd3 f6 7. O-O fxe5 8. dxe5
Bb7 9. Nbd2 Qd7 10. Nb3 O-O-O 11. Nbd4 Bc5 12. Bb5 Nge7 13. Ng5 Bxd4 14. cxd4
Nf5 15. Nf3 h6 16. Qa4 Kb8 17. Be3 Qf7 18. Bxc6 Nxe3 19. fxe3 Rhf8 20. Bxb7
Kxb7 21. Rac1 Qg6 22. Qc6+ Ka6 23. b4 Qd3 24. Rc3 Qxc3 25. Qxc3 Rf7 26. Qc6
Rdf8 27. Nd2 g5 28. Rxf7 Rxf7 29. Nf3 1-0